| 000 | 00941cam a22001814a 4500 | ||
|---|---|---|---|
| 005 | 20250605163941.0 | ||
| 008 | 250528s ||||||||||||||||||||||||d | ||
| 035 | _a15020 | ||
| 040 |
_aGR-AtMCL _bgre _dGR-AtMCL _eAACR2 |
||
| 245 | 1 | _aΑρχιτεκτονική Υπολογιστών / Μικροεπεξεργαστές Γλώσσα Assembly | |
| 260 |
_bΑθήνα, _c1993 |
||
| 300 | _a106 | ||
| 520 | _aΑναλυτική Παρουσίαση των Μικροεπεξεργαστών Intel 80x86 Motorola 680x0. Πρόλογος, Δομή Υπολογιστικών Συστημάτων, Οργάνωση και Σχεδίαση Κ.Μ.Ε., Οργάνωση Μνήμης, Είσοδος - ΈΕξοδος (Ι/ Ο), Μικροεπεξεργαστές, Γλώσσα Assembly, Αριθμητικά Συστήματα, Βιβλιογραφία. | ||
| 700 | 1 |
_aΛιβαδάς Κ _9853 |
|
| 942 | _cBK | ||
| 999 |
_c625 _d625 |
||